000 01476nam0a2200361 4500
001 RU\NLR\BIBL_A\022744578
005 20260524044558.0
010 _a978-5-389-30765-0
_93000
021 _aRU
_bКН-П-26-000885
_9КН-П-26-0087
035 _a(NLR Aleph) 022744578
090 _a13710969
_c13710969
100 _a20260305d2025 u y0rusy50 ca
101 1 _arus
_cchi
102 _aRU
105 _aа z 000аy
181 0 _ai
_baxxe
182 0 _an
200 1 _aПодлинная история А-кью
_e[повесть и рассказы]
_fЛу Синь
_gперевод с китайского Алексея Рогачева, Владимира Рогова
_gиллюстрации Фэн Цзыкая
203 _aТекст
_bвизуальный
_cнепосредственный
210 _aСанкт-Петербург
_cАзбука
_dпеч. 2025 (макет 2026)
215 _a284, [1] с.
_cил.
_d18
225 1 _aИзящная классика Востока
333 _a16+
686 1 _aШ6(5Кит)67-440.4{Лх2178-45}
700 0 _7ca
_8rus
_aЛу Синь
_cписатель
_f1881-1936
_92675761
_3RU\NLR\AUTH\770283831
702 0 _4440
_7ca
_8rus
_aФэн Цзыкай
_f1898-1975
_92708722
_3RU\NLR\AUTH\770293503
702 1 _aРогачев
_bА.
_gАлексей
_4730
942 _cBOOK
980 _aNB